000 00331nam a22001577a 4500
003 SGT
020 _a978-81-312-3293-4
082 _a617, S14T
100 _aTOWNSEND, C. M.
245 _aTEXTBOOK OF SURGERY
250 _a19TH
260 _aASIA
_bELSEVIER
_c2014
300 _a2129
650 _aSURGERY
942 _2ddc
_cBK
_01
999 _c8476
_d8476